Gracie Abrams' top songs - Statistics

General Stats
  • This quiz has been taken 47 times
  • The average score is 9 of 15
Answer Stats
Streams Answer % Correct
790,000,000 I Love You, I'm Sorry
98%
725,000,000 I miss you, I'm sorry
98%
1,300,000,000 That's So True
98%
139,000,000 Blowing Smoke
79%
304,000,000 Risk
79%
452,000,000 Close To You
72%
216,000,000 21
67%
266,000,000 Mess It Up
65%
234,000,000 Feels Like
60%
239,000,000 us.
60%
102,000,000 Free Now
56%
198,000,000 I know it won't work
49%
180,000,000 Stay
28%
113,000,000 Call Me When You Break Up
21%
142,000,000 Everywhere, Everything
16%
No matching quizzes found
Score Distribution
Percent of People with Each Score
Percentile by Number Answered
Your Score History
You have not taken this quiz